[Event "SLO-ch U12 Girls"]
[Site "Murska Sobota"]
[Date "2007.03.02"]
[Round "9"]
[White "Rozman, Simona"]
[Black "Ambrus, Ana"]
[Result "1/2-1/2"]
[WhiteElo "1500"]
[BlackElo "1525"]
[PlyCount "48"]
[EventDate "2007.02.25"]
[EventType "swiss"]
[EventRounds "9"]
[EventCountry "SLO"]
[SourceTitle "CBM 117 Extra"]
[Source "ChessBase"]
[SourceDate "2007.05.09"]
[SourceVersion "1"]
[SourceVersionDate "2007.05.09"]
[SourceQuality "1"]

1. d4 d5 2. Nc3 Nf6 3. g3 e6 4. Nf3 Nc6 5. e3 Bb4 6. Bd2 Bd7 7. Bg2 h6 8. a3 Bd6 9. 0-0 0-0 10. Nb5 Qe7 11. Nxd6 Qxd6 12. Bc3 Ne4 13. Bd2 Nxd2 14. Nxd2 Rfe8 15. c3 e5 16. e4 dxe4 17. Nxe4 Qe7 18. Re1 exd4 19. cxd4 b6 20. Nc5 Qd6 21. Nb3 Rad8 22. Rxe8+ Rxe8 23. d5 Ne5 24. Qd4 c5 1/2-1/2

[Event "SLO-ch U12 Girls"]
[Site "Murska Sobota"]
[Date "2007.02.27"]
[Round "5"]
[White "Ambrus, Ana"]
[Black "Veliscek, Iza"]
[Result "0-1"]
[WhiteElo "1525"]
[BlackElo "1500"]
[PlyCount "64"]
[EventDate "2007.02.25"]
[EventType "swiss"]
[EventRounds "9"]
[EventCountry "SLO"]
[SourceTitle "CBM 117 Extra"]
[Source "ChessBase"]
[SourceDate "2007.05.09"]
[SourceVersion "1"]
[SourceVersionDate "2007.05.09"]
[SourceQuality "1"]

1. e4 e5 2. Nf3 Nc6 3. Bc4 Bc5 4. Nc3 Nf6 5. h3 d6 6. 0-0 Be6 7. Bb3 0-0 8. d3 h6 9. Be3 Bb6 10. Qd2 Qd7 11. Rfe1 Rae8 12. Rad1 Nh7 13. Nd5 Bxd5 14. Bxd5 Ne7 15. Bxb7 Rb8 16. Ba6 f5 17. exf5 Qxf5 18. Bc4+ d5 19. Bb3 Kh8 20. Bxb6 Rxb6 21. Rxe5 Qf6 22. c3 c6 23. Re2 Ng6 24. Qe3 Rbb8 25. Qxa7 Nf4 26. Ree1 Qg6 27. Nh4 Qg5 28. g3 Nxh3+ 29. Kg2 Qg4 30. Qd4 Rxf2+ 31. Kh1 Qxg3 32. Qe5 Rh2# 0-1

[Event "SLO-ch U12 Girls"]
[Site "Murska Sobota"]
[Date "2007.02.26"]
[Round "3"]
[White "Ambrus, Ana"]
[Black "Janzekovic, Nives"]
[Result "1-0"]
[WhiteElo "1525"]
[BlackElo "1500"]
[PlyCount "53"]
[EventDate "2007.02.25"]
[EventType "swiss"]
[EventRounds "9"]
[EventCountry "SLO"]
[SourceTitle "CBM 117 Extra"]
[Source "ChessBase"]
[SourceDate "2007.05.09"]
[SourceVersion "1"]
[SourceVersionDate "2007.05.09"]
[SourceQuality "1"]

1. e4 e5 2. Nf3 Nc6 3. Bc4 h6 4. d3 d6 5. h3 Nb4 6. a3 d5 7. exd5 Nxd5 8. Bxd5 Qxd5 9. 0-0 e4 10. dxe4 Qxe4 11. Re1 Bf5 12. Rxe4+ Bxe4 13. Qe2 Nf6 14. Nc3 0-0-0 15. Nxe4 Re8 16. Qe3 Kb8 17. Qd3 Nxe4 18. Bf4 Nc5 19. Qc4 a6 20. Qxf7 Rc8 21. Be3 Ne4 22. Ne5 Bc5 23. Bxc5 Nxc5 24. Nd7+ Nxd7 25. Qxd7 g5 26. Qa4 Rhe8 27. Rd1 1-0

[Event "SLO-ch U12 Girls"]
[Site "Murska Sobota"]
[Date "2007.02.26"]
[Round "2"]
[White "Bojc, Dasa"]
[Black "Ambrus, Ana"]
[Result "1-0"]
[WhiteElo "1610"]
[BlackElo "1525"]
[PlyCount "38"]
[EventDate "2007.02.25"]
[EventType "swiss"]
[EventRounds "9"]
[EventCountry "SLO"]
[SourceTitle "CBM 117 Extra"]
[Source "ChessBase"]
[SourceDate "2007.05.09"]
[SourceVersion "1"]
[SourceVersionDate "2007.05.09"]
[SourceQuality "1"]

1. e4 e5 2. Nf3 Nc6 3. c3 Nf6 4. d4 exd4 5. e5 Nd5 6. cxd4 d6 7. Bb5 Bd7 8. Qb3 Nb6 9. 0-0 Be7 10. Nc3 0-0 11. Ne4 h6 12. exd6 Bxd6 13. Nxd6 cxd6 14. Be3 Qf6 15. d5 Ne5 16. Nxe5 Qxe5 17. Bxb6 axb6 18. Bxd7 Rad8 19. Rfe1 Qf6 1-0

[Event "SLO-ch U10 Girls"]
[Site "Murska Sobota"]
[Date "2006.02.27"]
[Round "2"]
[White "Ambrus, Ana"]
[Black "Skuhala, Barbara"]
[Result "0-1"]
[WhiteElo "1500"]
[BlackElo "1500"]
[PlyCount "98"]
[EventDate "2006.02.26"]
[EventType "swiss"]
[EventRounds "9"]
[EventCountry "SLO"]
[SourceTitle "EXT 2009"]
[Source "ChessBase"]
[SourceDate "2008.11.26"]
[SourceVersion "1"]
[SourceVersionDate "2008.11.26"]
[SourceQuality "1"]

1. d4 d5 2. c4 e6 3. e3 Nf6 4. cxd5 exd5 5. Nf3 Be7 6. Bd3 0-0 7. 0-0 Bg4 8. Be2 b6 9. h3 Bh5 10. Nc3 a6 11. a3 b5 12. a4 b4 13. Nb1 Nc6 14. Ne5 Bxe2 15. Qxe2 Qd6 16. Nxc6 Qxc6 17. Nd2 a5 18. Qb5 Qe6 19. Qb7 Rab8 20. Qxc7 Bd6 21. Qxa5 Ra8 22. Qb6 Bh2+ 23. Kxh2 Qxb6 24. Nf3 Qd6+ 25. Kg1 Ne4 26. a5 Rfe8 27. Ra4 Reb8 28. Ne5 f6 29. Nd3 b3 30. f3 Ng3 31. Rd1 Ne2+ 32. Kf1 Nxc1 33. Rxc1 Qd7 34. Raa1 Qb5 35. Ke2 Rxa5 36. Rxa5 Qxa5 37. Rc5 Qa6 38. Kd2 Rc8 39. Nb4 Qb7 40. Rxc8+ Qxc8 41. Nxd5 Qc2+ 42. Ke1 Qxb2 43. Ne7+ Kf7 44. Nd5 Qc2 45. Nb4 Qc3+ 46. Kd1 Qxb4 47. Kc1 Qc3+ 48. Kb1 Qc2+ 49. Ka1 Qa2# 0-1

[Event "SLO-ch U10 Girls"]
[Site "Sentjur"]
[Date "2005.03.01"]
[Round "5"]
[White "Ambrus, Ana"]
[Black "Kuk, Nika"]
[Result "0-1"]
[WhiteElo "1500"]
[BlackElo "1500"]
[PlyCount "128"]
[EventDate "2005.02.26"]
[EventType "tourn"]
[EventRounds "9"]
[EventCountry "SLO"]
[SourceTitle "CBM 105 Extra"]
[Source "ChessBase"]
[SourceDate "2005.05.01"]
[SourceVersion "1"]
[SourceVersionDate "2005.05.01"]
[SourceQuality "1"]

1. e4 e5 2. Nf3 Nc6 3. Bc4 Nf6 4. Nc3 Bc5 5. 0-0 d6 6. Ng5 0-0 7. Qf3 Na5 8. d3 Nxc4 9. dxc4 h6 10. Nh3 Kh8 11. Qg3 Nh7 12. Qf3 f5 13. exf5 Bxf5 14. Qe2 Bxh3 15. gxh3 Qf6 16. Ne4 Qg6+ 17. Qg4 Qxg4+ 18. hxg4 Bb6 19. Be3 Bxe3 20. fxe3 a6 21. b4 b6 22. c5 Ng5 23. Nxg5 hxg5 24. cxd6 cxd6 25. a4 Kg8 26. Rad1 Rad8 27. c4 Rxf1+ 28. Rxf1 d5 29. c5 bxc5 30. bxc5 Rc8 31. Rf5 Rxc5 32. Rxe5 Kf7 33. Rxg5 Rc1+ 34. Kg2 Rd1 35. Rf5+ Ke6 36. Kg3 Ra1 37. Rf4 g5 38. Rb4 Ra3 39. Kf2 Kd6 40. Rb6+ Kc5 41. Rxa6 Kb4 42. Kf3 Kc4 43. Rg6 Rxa4 44. Rxg5 Ra3 45. h4 d4 46. Ke4 Rxe3+ 47. Kf4 Re6 48. Re5 Rxe5 49. Kxe5 d3 50. g5 d2 51. g6 d1Q 52. g7 Qd4+ 53. Ke6 Qxg7 54. Kf5 Kd5 55. Kf4 Kd4 56. h5 Kd5 57. h6 Qxh6+ 58. Kf5 Qf8+ 59. Kg5 Ke6 60. Kh5 Qg7 61. Kh4 Kf5 62. Kh3 Kf4 63. Kh2 Kf3 64. Kh1 Qg2# 0-1

[Event "SLO-ch U10 Girls"]
[Site "Sentjur"]
[Date "2005.02.28"]
[Round "4"]
[White "Pahole, Samanta"]
[Black "Ambrus, Ana"]
[Result "1-0"]
[WhiteElo "1500"]
[BlackElo "1500"]
[PlyCount "79"]
[EventDate "2005.02.26"]
[EventType "tourn"]
[EventRounds "9"]
[EventCountry "SLO"]
[SourceTitle "CBM 105 Extra"]
[Source "ChessBase"]
[SourceDate "2005.05.01"]
[SourceVersion "1"]
[SourceVersionDate "2005.05.01"]
[SourceQuality "1"]

1. e4 e5 2. Nf3 Nc6 3. Bc4 Bc5 4. 0-0 Nf6 5. Nxe5 Nxe5 6. d4 Nxe4 7. dxe5 0-0 8. h3 d6 9. Nc3 Nxc3 10. bxc3 dxe5 11. Qf3 Qf6 12. Qxf6 gxf6 13. Bh6 Rd8 14. Rad1 Be6 15. Bxe6 fxe6 16. h4 Rxd1 17. Rxd1 b5 18. Rd3 e4 19. Rd7 Bd6 20. Rg7+ Kf8 21. Rxh7+ Ke8 22. Rh8+ Kd7 23. Rxa8 a6 24. Rxa6 f5 25. Ra8 Be7 26. h5 f4 27. Bxf4 c6 28. h6 Bf6 29. h7 Bxc3 30. Bd2 Bf6 31. g4 c5 32. g5 Be5 33. g6 c4 34. Rg8 b4 35. g7 Bxg7 36. Rxg7+ Kc6 37. h8Q c3 38. Qc8+ Kb5 39. Rb7+ Ka5 40. Qa8# 1-0

[Event "SLO-ch U10 Girls"]
[Site "Sentjur"]
[Date "2005.02.27"]
[Round "3"]
[White "Ambrus, Ana"]
[Black "Leonardi, Caterina"]
[Result "1-0"]
[WhiteElo "1500"]
[BlackElo "1500"]
[PlyCount "49"]
[EventDate "2005.02.26"]
[EventType "tourn"]
[EventRounds "9"]
[EventCountry "SLO"]
[SourceTitle "CBM 105 Extra"]
[Source "ChessBase"]
[SourceDate "2005.05.01"]
[SourceVersion "1"]
[SourceVersionDate "2005.05.01"]
[SourceQuality "1"]

1. e4 e6 2. Nf3 Nc6 3. Bb5 Na5 4. 0-0 Nf6 5. Nc3 Bb4 6. d3 0-0 7. a3 Be7 8. Bg5 c6 9. Bxf6 Bxf6 10. Ba4 b5 11. Bb3 Nxb3 12. cxb3 d5 13. e5 Bh4 14. Nxh4 Qxh4 15. Qf3 Qg5 16. Rae1 d4 17. Nb1 Bb7 18. Qg3 Qd8 19. Re4 c5 20. Rg4 g6 21. Qh4 Qd5 22. Qh6 b4 23. f3 Qxb3 24. Rh4 Qxd3 25. Qxh7# 1-0